| 000 | 00731cab a2200217 4500 | ||
|---|---|---|---|
| 001 | WB3446-11 | ||
| 008 | 090401t1998 xxu||||| |||| 00| 0 eng d | ||
| 035 | _a(Sirsi) u90027 | ||
| 041 | _aeng | ||
| 245 | _aCommunity forests exceed targets | ||
| 260 | _c1998 | ||
| 350 | _a0 | ||
| 490 |
_aForests for the Community News Release _v(98/50) 25 november 1998, (4) |
||
| 520 | _aEngland`s twelve Community Forests are proving a success in making major towns and cities greener, and are producing economic, environmental and social benefits. | ||
| 650 | _aCOMMUNITY FORESTS | ||
| 650 | _aFOREST MANAGEMENT | ||
| 650 | _aWOODLAND PLANTING | ||
| 690 | _aENVIRONMENTAL AND LAND CONSULTANCY | ||
| 942 | _n0 | ||
| 948 | _c01/12/1998 | ||
| 999 |
_c57006 _d57006 |
||